000 02589cam a22005774i 4500
003 PE-LiUPU
005 20250731173053.0
008 180307s2014 en a rb 000 0 eng d
020 _a9789004265134
035 _a(Sirsi) a241448
040 _aPE-LiUPU
_bspa
_cPE-LiUPU
_erda
049 _aPRUA
082 0 4 _a282.092
_bL27
_222
245 0 4 _aLaw, medicine, and engineering in the cult of the Saints in Counter-Reformation Rome ;
_bThe Hagiographical works of Antonio Gallonio,1556-1605 /
_cedited byJetze Touber ;translated from Dutch by Peter Longbottom.
264 _aLeiden :
_bBrill,
_c2014.
300 _a339 páginas :
_bilustraciones ;
_c24 centímetros.
336 _atext
_2rdacontent
337 _aunmediated
_2rdamedia
338 _avolume
_2rdacarrier
490 0 _aStudies in medieval and Reformation traditions ;
_ v178
504 _aBibliografía : páginas 307-328.
504 _aÍndice :páginas 329-339.
505 0 _aIntroduction -- Gallonio and the Oratory -- Social discipline and intellectual history -- Working Method -- Vero figliuolo del nostro Padre -- Hagiography and historia sacra -- Gallonio´s sources -- The christian history of the oratorians -- Conclusion -- Health and holiness -- Spiritual and physical health -- Gallonio and the physicians -- The body of the saint -- Conclusion -- Martyrological technology -- Nobility, emblems, machinery -- Technical operation -- Illustration -- Conclusion -- Collecting material about saints -- Collection -- Classification -- Presentation -- Conclusion -- Epilogue -- Bibliography -- Works by Antonio Gallonio -- Primary Sources -- Secondary works -- Index of names -- Index of places -- Index of subjects.
526 _aSEG42
526 _aSEG41
526 _aSEG40
526 _aSEG39
526 _aP94
526 _aP87
526 _aP86
526 _aP85
526 _aP77
526 _aP76
526 _aP35
650 0 4 _aMartirio.
650 0 4 _aMartyrdom.
650 0 4 _aCristianismo.
650 0 4 _aChristianity.
650 0 4 _aHistoria.
650 0 4 _aHistory.
650 0 4 _aIglesia.
650 0 4 _aChurch.
700 1 _aTouber, Jetze ,
_eeditor.
700 1 _aLongbottom, Peter,
_eeditor.
910 _adbm
_bwmm
_cwmm
_d20180307
942 _2ddc
_cBOOK
994 _aC0
_bPEPRU
596 _a1
999 _a282.092 L1
_wDEWEY
_c27075
_i78358
_f2021-11-11
_g3
_lCCODEBUL1
_mBUL
_p36.00
_r1
_sY
_tBOOK
_u2018-3-7
_xTEOLOGIA
_PP35
_0DONACION
_o.STAFF. Colección Teología
_d27075
980 _81
_gALBERTO SANCHEZ Responsable de Automatización